[Event "V Weekend A Dicembrino"]
[Site "Vimercate ITA"]
[Date "2011.11.25"]
[Round "1"]
[White "Scarpellini, Felice"]
[Black "Marholev, Dimitar"]
[WhiteElo "1777"]
[BlackElo "2372"]
[Result "0-1"]
[PlyCount "80"]
[EventDate "2011.11.25"]

1. c4 g6 2. Nc3 Bg7 3. g3 Nf6 4. Bg2 O-O 5. Nf3 d6 6. O-O e5 7. d3 h6 8. Bd2
Nc6 9. Rb1 a5 10. a3 Re8 11. b4 axb4 12. axb4 e4 13. dxe4 Nxe4 14. Nxe4 Rxe4
15. b5 Nd4 16. Nxd4 Rxd4 17. Qc1 Ra4 18. Bxh6 Rdxc4 19. Qe3 Bd4 20. Qf4 Bf6 21.
Qe3 Rc5 22. Qb3 Ra5 23. b6 c6 24. Be3 Be6 25. Qb4 Bc3 26. Qf4 Rc4 27. Be4 Re5
28. Bxc6 Rxc6 29. Rfd1 Rd5 30. Qa4 Rxd1+ 31. Rxd1 Qc8 32. Qa7 Bb4 33. Qa1 Bc3
34. Qa3 Be5 35. f4 Rc3 36. Qb4 Rxe3 37. fxe5 Rxe5 38. Qxd6 Qc5+ 39. Qxc5 Rxc5
40. Rd6 Bd5 0-1

[Event "V Weekend A Dicembrino"]
[Site "Vimercate ITA"]
[Date "2011.11.25"]
[Round "1"]
[White "Tassini, Marco"]
[Black "Calabrese, Maurizio"]
[WhiteElo "1867"]
[BlackElo "1531"]
[Result "0-1"]
[PlyCount "46"]
[EventDate "2011.11.25"]

1. e4 c5 2. d4 cxd4 3. c3 dxc3 4. Nxc3 g6 5. Bc4 Nc6 6. Nf3 Bg7 7. O-O e6 8.
Re1 Bxc3 9. bxc3 a6 10. Bg5 Qc7 11. Qd3 Ne5 12. Nxe5 Qxe5 13. f4 Qc5+ 14. Kh1
b5 15. Bb3 a5 16. Rad1 h6 17. Bh4 g5 18. fxg5 hxg5 19. Bg3 e5 20. Bd5 Ra6 21.
Bxe5 f6 22. Bd4 Qd6 23. Qxb5 Qxh2# 0-1

[Event "V Weekend A Dicembrino"]
[Site "Vimercate ITA"]
[Date "2011.11.25"]
[Round "1"]
[White "Valsecchi, Alessio"]
[Black "Marino, Marco"]
[WhiteElo "2376"]
[BlackElo "1779"]
[Result "0-1"]
[PlyCount "66"]
[EventDate "2011.11.25"]

1. b3 e5 2. Bb2 Nc6 3. g3 d5 4. Bg2 Nf6 5. c4 d4 6. d3 Bb4+ 7. Nd2 O-O 8. a3
Bxd2+ 9. Qxd2 a5 10. h3 Re8 11. e4 dxe3 12. fxe3 Bf5 13. Rd1 Qd6 14. Ne2 Rad8
15. e4 Bg6 16. Qe3 Nd4 17. Bxd4 exd4 18. Qc1 Nh5 19. Kf2 f5 20. g4 fxg4 21.
hxg4 Rf8+ 22. Bf3 Nf6 23. Kg2 Nd7 24. Ng3 Rxf3 25. Kxf3 Ne5+ 26. Kg2 Nxg4 27.
Rde1 Ne3+ 28. Kh2 Qf4 29. Rxe3 dxe3 30. Qc2 Bxe4 31. dxe4 Rd2+ 32. Qxd2 exd2
33. Kg2 Qg4 0-1

[Event "V Weekend A Dicembrino"]
[Site "Vimercate ITA"]
[Date "2011.11.26"]
[Round "2"]
[White "Battistini, Ercole"]
[Black "Scarpellini, Felice"]
[WhiteElo "1900"]
[BlackElo "1777"]
[Result "1/2-1/2"]
[PlyCount "77"]
[EventDate "2011.11.25"]

1. d4 Nf6 2. c4 e6 3. Nf3 d5 4. Nc3 b6 5. a3 Bb7 6. e3 Nbd7 7. Bd3 Be7 8. O-O
O-O 9. Re1 c5 10. cxd5 exd5 11. b3 Ne4 12. Bb2 Rc8 13. Rc1 Nxc3 14. Bxc3 c4 15.
Bb1 Bxa3 16. Qc2 Nf6 17. Bb2 Bb4 18. Bc3 cxb3 19. Qxb3 Bxc3 20. Rxc3 Qd6 21.
Ne5 Ne4 22. Rxc8 Bxc8 23. Rc1 Bb7 24. Qd3 g6 25. f3 Nf6 26. Qb3 Rc8 27. Rxc8+
Bxc8 28. e4 Be6 29. Qe3 Qb4 30. Bd3 Qc3 31. h3 a5 32. Ng4 Nxg4 33. hxg4 Bd7 34.
e5 Bb5 35. Qg5 Qxd4+ 36. Kh1 Bxd3 37. Qd8+ Kg7 38. Qf6+ Kg8 39. Qd8+ 1/2-1/2

[Event "V Weekend A Dicembrino"]
[Site "Vimercate ITA"]
[Date "2011.11.26"]
[Round "2"]
[White "Calandriello, Michele"]
[Black "Panades, Ignazio"]
[WhiteElo "1614"]
[BlackElo "1737"]
[Result "0-1"]
[PlyCount "76"]
[EventDate "2011.11.25"]

1. d4 Nf6 2. c4 e6 3. Nc3 Bb4 4. e3 b6 5. Nge2 Bb7 6. a3 Be7 7. Ng3 d6 8. e4
Nbd7 9. Be2 O-O 10. O-O c5 11. d5 exd5 12. cxd5 Re8 13. Bf4 a6 14. Nf5 Nf8 15.
Qd3 Bc8 16. g4 Bxf5 17. gxf5 N8d7 18. Qg3 b5 19. b4 c4 20. Bf3 Nb6 21. Rae1 Bf8
22. Kh1 Ra7 23. Rg1 g6 24. fxg6 fxg6 25. Bg5 Be7 26. Ne2 Nxe4 27. Bxe4 Bxg5 28.
Nd4 Bh4 29. Qg2 Qf6 30. Nf3 Rg7 31. Qg4 Bxf2 32. Rgf1 Bxe1 33. Rxe1 Rge7 34.
Ng5 Nd7 35. Ne6 Ne5 36. Qg2 Qh4 37. Rf1 Rf7 38. Rg1 Rf2 0-1

[Event "V Weekend A Dicembrino"]
[Site "Vimercate ITA"]
[Date "2011.11.26"]
[Round "2"]
[White "Calvi, Luca"]
[Black "Ceka, Shpetim"]
[WhiteElo "1723"]
[BlackElo "1857"]
[Result "1-0"]
[PlyCount "120"]
[EventDate "2011.11.25"]

1. d4 d5 2. c4 e6 3. Nc3 c6 4. Nf3 Nf6 5. Bg5 h6 6. Bh4 Be7 7. e3 Nbd7 8. Bd3
dxc4 9. Bxc4 b5 10. Bd3 Bb7 11. O-O Rc8 12. Rc1 a6 13. a3 c5 14. dxc5 Nxc5 15.
Be2 O-O 16. b4 Nce4 17. Nxe4 Bxe4 18. Rxc8 Qxc8 19. Ne5 Rd8 20. Qa1 Rd2 21. Rc1
Qb7 22. Bf3 g5 23. Bg3 h5 24. h3 g4 25. hxg4 hxg4 26. Nxg4 Nxg4 27. Rc7 Qd5 28.
Bxg4 Qg5 29. Rc8+ Bd8 30. Bh3 Rd5 31. Qc3 Kh7 32. Kh2 Bf6 33. Qc7 Qh5 34. Rf8
Bg6 35. Qb7 Bg7 36. Ra8 Be5 37. Qc8 Bxg3+ 38. fxg3 Qe5 39. Bg4 Rd3 40. Bf3 Rxa3
41. Rxa6 Rxe3 42. Rc6 Qb2 43. Kh3 Qxb4 44. Rb6 Bf5+ 45. Kh2 Qb2 46. Qc6 b4 47.
Qb7 Kg6 48. Qa8 Re1 49. Qg8+ Qg7 50. Bh5+ Kh6 51. Bxf7 Qxg8 52. Bxg8 Re4 53.
Bf7 Kg5 54. Be8 Kf6 55. Ba4 Rd4 56. Bb3 Ke5 57. Kg1 Bg4 58. Kh2 Kf6 59. Kg1 Re4
60. Kh2 Ke7 1-0

[Event "V Weekend A Dicembrino"]
[Site "Vimercate ITA"]
[Date "2011.11.26"]
[Round "2"]
[White "Carbone, Lorenzo"]
[Black "Ciochetta, Giovanni"]
[WhiteElo "1736"]
[BlackElo "1584"]
[Result "0-1"]
[PlyCount "86"]
[EventDate "2011.11.25"]

1. e4 e5 2. Nf3 d6 3. d4 Bg4 4. Be2 Bxf3 5. Bxf3 exd4 6. Qxd4 Nc6 7. Qa4 Nge7
8. O-O g6 9. Bg5 Bg7 10. Nc3 a6 11. Bxe7 Qxe7 12. Qa3 O-O 13. Nd5 Qd8 14. Rad1
Ne5 15. b4 c6 16. Nf4 Qf6 17. Ne2 Nc4 18. Qb3 b5 19. Ng3 a5 20. Be2 a4 21. Qf3
Qxf3 22. Bxf3 Rfd8 23. Ne2 Be5 24. Bg4 c5 25. c3 cxb4 26. cxb4 Ra7 27. Rd5 Rb8
28. Nc1 Re7 29. Be2 Bc3 30. Bxc4 bxc4 31. Ne2 Bxb4 32. Rb1 Reb7 33. g3 Bc5 34.
Rf1 Rb2 35. Nc3 a3 36. e5 Bb4 37. Ne4 dxe5 38. Rxe5 Rxa2 39. Rc1 Rc8 40. Rb5
Rb2 41. Kg2 a2 42. Ra1 Ra8 43. Rd5 Rb1 0-1

[Event "V Weekend A Dicembrino"]
[Site "Vimercate ITA"]
[Date "2011.11.26"]
[Round "2"]
[White "Colombo, Luca"]
[Black "Valsecchi, Alessio"]
[WhiteElo "1884"]
[BlackElo "2376"]
[Result "0-1"]
[PlyCount "66"]
[EventDate "2011.11.25"]

1. e4 g6 2. d4 Bg7 3. Nc3 c5 4. Nf3 cxd4 5. Nxd4 Nc6 6. Be3 Nf6 7. f3 O-O 8.
Qd2 d5 9. exd5 Nxd5 10. Nxc6 bxc6 11. Nxd5 cxd5 12. c3 e5 13. Bc5 Re8 14. Bb5
Bd7 15. Bxd7 Qxd7 16. O-O Qc6 17. Bf2 e4 18. fxe4 dxe4 19. Rad1 a5 20. Be3 Rab8
21. Qf2 Qe6 22. a3 Rb7 23. Rd2 f5 24. Rfd1 Rf7 25. Rd6 Qe7 26. g3 a4 27. Qc2
Be5 28. Ra6 f4 29. Ra7 Bc7 30. Qxa4 Ref8 31. gxf4 Qh4 32. Rf1 Qg4+ 33. Kh1 Qe2
0-1

[Event "V Weekend A Dicembrino"]
[Site "Vimercate ITA"]
[Date "2011.11.26"]
[Round "2"]
[White "Coppola, Federico"]
[Black "Moroni, Luca jr"]
[WhiteElo "1858"]
[BlackElo "2030"]
[Result "0-1"]
[PlyCount "68"]
[EventDate "2011.11.25"]

1. e4 c5 2. Nf3 d6 3. d4 cxd4 4. Nxd4 Nf6 5. Nc3 a6 6. Bg5 e6 7. f4 Be7 8. Qf3
Qc7 9. O-O-O Nbd7 10. g4 h6 11. Bxf6 Bxf6 12. Kb1 Qb6 13. Qe3 g5 14. f5 Ne5 15.
fxe6 Bxe6 16. Nf5 Qxe3 17. Nxe3 Nxg4 18. Ncd5 Nxe3 19. Nxe3 Be5 20. Be2 h5 21.
Nd5 O-O-O 22. Bc4 Kb8 23. Ne3 g4 24. Bxe6 fxe6 25. Nc4 Bf4 26. Rdf1 Rhf8 27.
Rf2 b5 28. Rhf1 Bh6 29. Na5 Rxf2 30. Rxf2 Rf8 31. Nc6+ Kc7 32. Rxf8 Bxf8 33.
Nd4 Kd7 34. Kc1 Bh6+ 0-1

[Event "V Weekend A Dicembrino"]
[Site "Vimercate ITA"]
[Date "2011.11.26"]
[Round "2"]
[White "Corno, Sergio"]
[Black "Salvador, Roland"]
[WhiteElo "1965"]
[BlackElo "2500"]
[Result "0-1"]
[PlyCount "79"]
[EventDate "2011.11.25"]

1. Nf3 Nf6 2. b3 c5 3. Bb2 b6 4. e3 Bb7 5. Be2 d6 6. d4 Nbd7 7. O-O Qc7 8. c4
e6 9. Nc3 Be7 10. d5 e5 11. Qc2 h6 12. Nd2 g5 13. f4 gxf4 14. exf4 a6 15. fxe5
Nxe5 16. Qf5 Bc8 17. Qf4 Rg8 18. Nce4 Rg6 19. Rae1 Bd7 20. Bxe5 dxe5 21. Nxf6+
Rxf6 22. Qg3 O-O-O 23. Rxf6 Bxf6 24. Ne4 Bh8 25. Qh4 f5 26. Nf6 e4 27. Qxh6 Qd6
28. Ng4 Bd4+ 29. Kh1 Be8 30. Qh7 fxg4 31. Bxg4+ Bd7 32. Bxd7+ Qxd7 33. Qxe4 Rf8
34. d6 Kb8 35. b4 Qxd6 36. bxc5 Bxc5 37. h3 Qg3 38. Qe5+ Qxe5 39. Rxe5 Rf1+ 40.
Kh2 0-1

[Event "V Weekend A Dicembrino"]
[Site "Vimercate ITA"]
[Date "2011.11.26"]
[Round "2"]
[White "Danin, Alexandre"]
[Black "Brociner, Beniamino"]
[WhiteElo "2537"]
[BlackElo "1941"]
[Result "1-0"]
[PlyCount "55"]
[EventDate "2011.11.25"]

1. e4 c5 2. Nf3 d6 3. d4 cxd4 4. Nxd4 Nf6 5. Nc3 a6 6. Bg5 e6 7. f4 Nbd7 8. Qe2
Qc7 9. O-O-O b5 10. f5 e5 11. Nd5 Nxd5 12. exd5 Nf6 13. Nc6 Bxf5 14. Bxf6 gxf6
15. Qf3 Qd7 16. Be2 Bg7 17. Rhf1 Bg6 18. Bd3 Qc7 19. Kb1 h5 20. Bf5 h4 21. Qg4
Rh6 22. Rd3 Kf8 23. Rh3 Bh5 24. Qe4 Qb6 25. Rxh4 Be2 26. Rxh6 Bxf1 27. Qh4 Kg8
28. Rh8+ 1-0

[Event "V Weekend A Dicembrino"]
[Site "Vimercate ITA"]
[Date "2011.11.26"]
[Round "2"]
[White "Ferrari, Paolo"]
[Black "Bosi, Gianfranco"]
[WhiteElo "1711"]
[BlackElo "1499"]
[Result "1/2-1/2"]
[PlyCount "93"]
[EventDate "2011.11.25"]

1. d4 d5 2. c4 e6 3. Nc3 Nf6 4. Bg5 Nbd7 5. Nf3 c6 6. e3 Qc7 7. Qc2 h6 8. Bh4
Be7 9. Rc1 O-O 10. cxd5 exd5 11. Bd3 Re8 12. O-O Nf8 13. Bxf6 Bxf6 14. Nxd5 Qd6
15. Nxf6+ Qxf6 16. Ne5 Be6 17. b4 Rac8 18. Qe2 Qd8 19. Rc2 Nd7 20. Nxd7 Qxd7
21. Rfc1 f5 22. b5 Bd5 23. bxc6 bxc6 24. Bc4 Kh8 25. Bxd5 cxd5 26. Rc5 Rb8 27.
Rc7 Qa4 28. Qc2 Qa3 29. Qxf5 Qxa2 30. Qg6 Rg8 31. g4 Rbf8 32. R1c2 Qb1+ 33. Kg2
a5 34. g5 Rxf2+ 35. Kxf2 Rf8+ 36. Ke2 Qf1+ 37. Kd2 Qf2+ 38. Kc3 Qe1+ 39. Kd3
Qf1+ 40. Kd2 Rf2+ 41. Kc3 Qe1+ 42. Kb2 Qb4+ 43. Ka2 Qa4+ 44. Kb1 Rf1+ 45. Rc1
Qb3+ 46. Ka1 Qa3+ 47. Kb1 1/2-1/2

[Event "V Weekend A Dicembrino"]
[Site "Vimercate ITA"]
[Date "2011.11.26"]
[Round "2"]
[White "Fusari, Paolo"]
[Black "Lapiccirella, Daniele"]
[WhiteElo "1897"]
[BlackElo "2234"]
[Result "0-1"]
[PlyCount "68"]
[EventDate "2011.11.25"]

1. e4 c5 2. b4 cxb4 3. a3 d5 4. exd5 Qxd5 5. Nf3 e6 6. axb4 Bxb4 7. c3 Be7 8.
d4 Nf6 9. Bd3 O-O 10. O-O b5 11. Na3 Bxa3 12. Bxa3 Re8 13. Bc5 a6 14. Qc2 Bb7
15. Rfe1 Nbd7 16. Rad1 Rac8 17. Bb4 h6 18. Re3 Ng4 19. Re4 Qh5 20. Rf4 Bxf3 21.
Rxf3 Qxh2+ 22. Kf1 Ngf6 23. Rg3 Qh1+ 24. Ke2 Qh5+ 25. Kf1 Qh1+ 26. Ke2 Qh5+ 27.
Kf1 Nd5 28. Qd2 Nf4 29. f3 Qh1+ 30. Kf2 Qh4 31. Bd6 Nh5 32. Rh1 Qxh1 33. Qxh6
Nxg3 34. Qg5 Nf5 0-1

[Event "V Weekend A Dicembrino"]
[Site "Vimercate ITA"]
[Date "2011.11.26"]
[Round "2"]
[White "Galli, Giuliano"]
[Black "Miracola, Giorgia"]
[WhiteElo "1616"]
[BlackElo "1763"]
[Result "0-1"]
[PlyCount "140"]
[EventDate "2011.11.25"]

1. e4 c5 2. Nf3 d6 3. d4 cxd4 4. Nxd4 Nf6 5. Nc3 a6 6. Be2 e5 7. Nf3 Be7 8. O-O
O-O 9. Bg5 Be6 10. Bxf6 Bxf6 11. Nd5 Bxd5 12. Qxd5 Qc7 13. c3 Nc6 14. Rfd1 Rad8
15. Rac1 Ne7 16. Qb3 Qc6 17. Qc2 g6 18. Bd3 Bg7 19. Rf1 Kh8 20. Rcd1 h6 21. Rd2
f5 22. h3 f4 23. Rfd1 g5 24. Qb3 Rf6 25. Qc4 Qd7 26. Bc2 Rg6 27. Qe2 Rf8 28.
Rd3 h5 29. R1d2 g4 30. Nh4 Rh6 31. Qd1 Rff6 32. c4 gxh3 33. Rxh3 b6 34. Kf1 Qc6
35. Qe2 Qe8 36. Nf5 Nxf5 37. exf5 Qf7 38. Be4 Qe8 39. b3 a5 40. Qd1 Bf8 41. Rd5
Be7 42. Rdd3 Bd8 43. Rh2 h4 44. Rdh3 Rf8 45. Rd3 Qe7 46. Rhh3 Rg8 47. g4 fxg3
48. fxg3 Qf6 49. g4 Be7 50. Rd2 Qg5 51. Rg2 Qf4+ 52. Qf3 Qc1+ 53. Kf2 Bg5 54.
Qe2 Bf4 55. Rg1 Bg3+ 56. Rgxg3 hxg3+ 57. Rxg3 Qf4+ 58. Qf3 Qd2+ 59. Qe2 Rh2+
60. Rg2 Rxg2+ 61. Bxg2 Qxe2+ 62. Kxe2 Rxg4 63. Bh3 Rh4 64. Bg2 Kg7 65. Kd3 Rh2
66. Bd5 Rxa2 67. Kc3 Rf2 68. Be4 Kf6 69. Kd3 Rxf5 70. Bxf5 Kxf5 0-1

[Event "V Weekend A Dicembrino"]
[Site "Vimercate ITA"]
[Date "2011.11.26"]
[Round "2"]
[White "Gemelli, Giovanni"]
[Black "Marzo, Matteo"]
[WhiteElo "1759"]
[BlackElo "1603"]
[Result "1-0"]
[PlyCount "81"]
[EventDate "2011.11.25"]

1. e4 e5 2. Nf3 Nc6 3. d4 exd4 4. Nxd4 Nf6 5. Nxc6 bxc6 6. e5 Qe7 7. Qe2 Nd5 8.
c4 Ba6 9. g3 Nb6 10. b3 g6 11. Bg2 Bg7 12. Bb2 O-O 13. O-O Qe6 14. Re1 Rfe8 15.
Na3 Rac8 16. Qd2 Bb7 17. Nc2 d5 18. Nd4 Qe7 19. f4 c5 20. Ba3 Ba8 21. Qa5 c6
22. Bxc5 Qc7 23. Rac1 dxc4 24. bxc4 Bf8 25. Bxf8 Kxf8 26. Nf3 c5 27. Ng5 Bxg2
28. Kxg2 Kg8 29. Ne4 Re6 30. Nf6+ Kg7 31. Qc3 Qc6+ 32. Kf2 Rd8 33. Red1 Rb8 34.
Nd5 Rd8 35. Nf6 Rb8 36. g4 Na4 37. Qh3 Rb2+ 38. Kg1 h6 39. Nd5 Rxa2 40. Re1 Re7
41. Nxe7 1-0

[Event "V Weekend A Dicembrino"]
[Site "Vimercate ITA"]
[Date "2011.11.26"]
[Round "2"]
[White "Gianini, Gianluca"]
[Black "Biava, Pierluigi"]
[WhiteElo "1484"]
[BlackElo "1668"]
[Result "0-1"]
[PlyCount "120"]
[EventDate "2011.11.25"]

1. e4 c5 2. Bc4 e6 3. Nf3 Nc6 4. Nc3 a6 5. a3 b5 6. Ba2 Nf6 7. d3 Be7 8. O-O
O-O 9. Re1 d6 10. Bg5 h6 11. Bh4 Bb7 12. b4 cxb4 13. axb4 Nxb4 14. Bb3 Rc8 15.
Na2 Nc6 16. h3 Qb6 17. Rb1 Rc7 18. Nh2 Rfc8 19. Ng4 Nxg4 20. Bxe7 Nxf2 21. Qe2
Nxh3+ 22. Kh2 Nf4 23. Qf3 Rxe7 24. Qxf4 Na5 25. c4 Nxb3 26. Rxb3 Rc5 27. Reb1
Rh5+ 28. Kg3 Qd4 29. cxb5 axb5 30. Rd1 Qe5 31. Qxe5 Rxe5 32. Nc3 Bc6 33. Kf4
g5+ 34. Kg4 f5+ 35. exf5 exf5+ 36. Kg3 Re3+ 37. Kf2 R7e5 38. d4 Re7 39. d5 Bd7
40. Rdb1 b4 41. Nd1 Rxb3 42. Rxb3 Ba4 43. Rxb4 Bxd1 44. Rb6 Rd7 45. g3 Kf7 46.
Ke3 Kf6 47. Kd4 Bf3 48. Rb8 Bh5 49. Rh8 Kg7 50. Rb8 Bf7 51. Rb6 Kf6 52. Rb1 h5
53. Rb6 g4 54. Rb3 Kg5 55. Rb5 h4 56. gxh4+ Kxh4 57. Ke3 Kg5 58. Kf2 f4 59. Kg2
Kf5 60. Kf2 Ke5 0-1

[Event "V Weekend A Dicembrino"]
[Site "Vimercate ITA"]
[Date "2011.11.26"]
[Round "2"]
[White "Gojani, Mentor"]
[Black "Stucchi, Gaia"]
[WhiteElo "2041"]
[BlackElo "1356"]
[Result "1-0"]
[PlyCount "39"]
[EventDate "2011.11.25"]

1. d4 d5 2. Nf3 Nf6 3. Bf4 Bf5 4. e3 e6 5. Bd3 Ne4 6. O-O Nd7 7. c4 c6 8. Qc2
Ndf6 9. Ne5 Nd6 10. c5 Bxd3 11. Qxd3 Nb5 12. Qb3 Nd7 13. a4 Nxe5 14. Bxe5 f6
15. Bg3 Nc7 16. Qxb7 Rc8 17. Qxc6+ Kf7 18. Nc3 Be7 19. Qb7 Ne8 20. Nb5 1-0

[Event "V Weekend A Dicembrino"]
[Site "Vimercate ITA"]
[Date "2011.11.26"]
[Round "2"]
[White "Grassi, Andrea"]
[Black "Attuati, Luca"]
[WhiteElo "1670"]
[BlackElo "1427"]
[Result "1-0"]
[PlyCount "87"]
[EventDate "2011.11.25"]

1. d4 d5 2. c4 Nf6 3. cxd5 Qxd5 4. Nc3 Qa5 5. Qa4+ Qxa4 6. Nxa4 b6 7. e3 Ba6 8.
Bxa6 Nxa6 9. a3 e6 10. Ne2 Bd6 11. f3 O-O 12. O-O c5 13. dxc5 Nxc5 14. Nxc5
Bxc5 15. b4 Be7 16. Bb2 Nd5 17. Bd4 Rac8 18. e4 Nf6 19. Rac1 Nd7 20. Rfd1 Rfd8
21. Rxc8 Rxc8 22. Bxg7 Kxg7 23. Rxd7 Bf6 24. Rd2 Be5 25. f4 Bb8 26. g3 b5 27.
Nd4 a6 28. Rc2 Rc4 29. Rxc4 bxc4 30. Nc2 Ba7+ 31. Kf1 Kf6 32. Ke2 e5 33. f5 Bd4
34. h4 h5 35. a4 Ke7 36. Nxd4 exd4 37. e5 Kd7 38. b5 axb5 39. axb5 Kc7 40. e6
fxe6 41. f6 e5 42. f7 e4 43. f8=Q d3+ 44. Kd2 1-0

[Event "V Weekend A Dicembrino"]
[Site "Vimercate ITA"]
[Date "2011.11.26"]
[Round "2"]
[White "Lapiccirella, Mattia"]
[Black "Bonassi, Tommaso"]
[WhiteElo "2209"]
[BlackElo "1843"]
[Result "1-0"]
[PlyCount "59"]
[EventDate "2011.11.25"]

1. d4 Nf6 2. c4 e6 3. Nf3 b6 4. g3 Ba6 5. Qa4 Qc8 6. Bg2 Nc6 7. O-O Be7 8. Nc3
Na5 9. b4 Bxb4 10. Qxb4 Nxc4 11. Ne5 d5 12. Nxc4 Bxc4 13. a4 c5 14. dxc5 bxc5
15. Qa5 O-O 16. Ba3 Nd7 17. Rfc1 Qc6 18. e4 Rfc8 19. exd5 exd5 20. Ne4 Rab8 21.
Bh3 dxe4 22. Bxd7 Qxd7 23. Rxc4 Rb3 24. Rxc5 Rcb8 25. Rd5 Qe8 26. Rad1 Rd3 27.
R5xd3 exd3 28. Rxd3 Rb1+ 29. Kg2 Qc6+ 30. Rf3 1-0

[Event "V Weekend A Dicembrino"]
[Site "Vimercate ITA"]
[Date "2011.11.26"]
[Round "2"]
[White "Lipari, Alberto"]
[Black "Oteri, Aldo"]
[WhiteElo "1652"]
[BlackElo "1781"]
[Result "0-1"]
[PlyCount "60"]
[EventDate "2011.11.25"]

1. c4 e5 2. g3 g6 3. Bg2 Bg7 4. Nc3 Nc6 5. d3 d6 6. Nf3 f5 7. Bg5 Nf6 8. Nd5 h6
9. Bxf6 Bxf6 10. Rb1 a5 11. a3 O-O 12. Qd2 Bg7 13. h4 Ne7 14. Nh2 c6 15. Nxe7+
Qxe7 16. O-O g5 17. hxg5 hxg5 18. Nf3 f4 19. e4 Bf6 20. Nh2 g4 21. gxf4 exf4
22. Qxf4 Bg5 23. Qg3 Bf4 24. Qxg4+ Bxg4 25. Nxg4 Qg5 26. f3 Be3+ 27. Kh2 Qf4+
28. Kh3 Kf7 29. Bh1 Rh8+ 30. Kg2 Rag8 0-1

[Event "V Weekend A Dicembrino"]
[Site "Vimercate ITA"]
[Date "2011.11.26"]
[Round "2"]
[White "Marchesotti, Giovanni"]
[Black "Lancianese, Giuseppe"]
[WhiteElo "1597"]
[BlackElo "1717"]
[Result "1/2-1/2"]
[PlyCount "52"]
[EventDate "2011.11.25"]

1. g3 Nf6 2. Bg2 d5 3. Nf3 e6 4. O-O Be7 5. d4 O-O 6. Nbd2 c5 7. e3 b6 8. Ne5
Bb7 9. b3 Nc6 10. Nxc6 Bxc6 11. Bb2 Rc8 12. c4 dxc4 13. Bxc6 Rxc6 14. Qf3 Rc7
15. Nxc4 Qd5 16. Qxd5 Nxd5 17. a3 Bf6 18. e4 Ne7 19. e5 Bg5 20. f4 Bh6 21. dxc5
Rxc5 22. Rad1 Nd5 23. Bd4 Rc6 24. Nd6 g6 25. Rc1 Rxc1 26. Rxc1 a6 1/2-1/2

[Event "V Weekend A Dicembrino"]
[Site "Vimercate ITA"]
[Date "2011.11.26"]
[Round "2"]
[White "Marholev, Dimitar"]
[Black "Maccarini, Luca Nicola"]
[WhiteElo "2372"]
[BlackElo "1915"]
[Result "1-0"]
[PlyCount "75"]
[EventDate "2011.11.25"]

1. e4 e5 2. Nf3 Nf6 3. Nc3 Nc6 4. d3 d6 5. d4 exd4 6. Nxd4 Be7 7. Bc4 O-O 8.
O-O Bd7 9. h3 Qc8 10. Re1 Ne5 11. Bf1 c5 12. Ndb5 Bxb5 13. Nxb5 Qc6 14. f4 Ng6
15. Nc3 a6 16. g3 Rad8 17. Bg2 Qc7 18. h4 Rfe8 19. h5 Nf8 20. g4 g6 21. hxg6
hxg6 22. g5 N6h7 23. Nd5 Qb8 24. Bd2 Ne6 25. Qg4 b6 26. c3 Nc7 27. Nxe7+ Rxe7
28. Kf2 Ne8 29. Rh1 Ng7 30. Qh4 Nh5 31. Bf3 d5 32. e5 Nf8 33. Bxh5 gxh5 34.
Qxh5 Ng6 35. f5 Qxe5 36. f6 Qf5+ 37. Kg1 Re4 38. Qh7+ 1-0

[Event "V Weekend A Dicembrino"]
[Site "Vimercate ITA"]
[Date "2011.11.26"]
[Round "2"]
[White "Marino, Marco"]
[Black "Attuati, Stefano"]
[WhiteElo "1779"]
[BlackElo "2006"]
[Result "0-1"]
[PlyCount "53"]
[EventDate "2011.11.25"]

1. e4 e6 2. d4 d5 3. Nc3 Nf6 4. e5 Nfd7 5. f4 c5 6. Nf3 Nc6 7. Be3 cxd4 8. Nxd4
Bc5 9. Qd2 O-O 10. g3 a6 11. Bg2 Na5 12. b3 b5 13. Nde2 Bb7 14. O-O Rc8 15.
Rfd1 Qb6 16. Bxc5 Nxc5 17. Qd4 b4 18. Na4 Nxa4 19. bxa4 Qxd4+ 20. Nxd4 Nc4 21.
a5 Na3 22. Rac1 Rc5 23. Nb3 Rxc2 24. Nc5 Rxa2 25. Nxb7 b3 26. Ra1 Rxa1 27. Rxa1
0-1

[Event "V Weekend A Dicembrino"]
[Site "Vimercate ITA"]
[Date "2011.11.26"]
[Round "2"]
[White "Miracola, Massimiliano"]
[Black "Sala, Giovanni"]
[WhiteElo "2007"]
[BlackElo "1985"]
[Result "1-0"]
[PlyCount "81"]
[EventDate "2011.11.25"]

1. e4 c5 2. Nf3 d6 3. d4 cxd4 4. Nxd4 Nf6 5. Nc3 a6 6. Be3 e5 7. Nb3 Be7 8. f3
h5 9. Qd2 Be6 10. Nd5 Bxd5 11. exd5 Qc7 12. Be2 Nbd7 13. c4 a5 14. Rc1 a4 15.
Na1 O-O 16. O-O Nc5 17. Nc2 Rfe8 18. Na3 Qa5 19. Qd1 Rac8 20. Nb5 Bf8 21. b4
axb3 22. axb3 Na6 23. Ra1 Qd8 24. Qd2 Qd7 25. Rfc1 e4 26. f4 Ng4 27. Bxg4 hxg4
28. b4 Red8 29. Nd4 g6 30. f5 gxf5 31. Bg5 Bg7 32. Bxd8 Rxd8 33. Rab1 Bxd4+ 34.
Qxd4 Nc7 35. Rf1 Re8 36. Qe3 Re5 37. Ra1 Qd8 38. Ra7 Qb8 39. Qb6 e3 40. Rxb7
Qe8 41. Rxc7 1-0

[Event "V Weekend A Dicembrino"]
[Site "Vimercate ITA"]
[Date "2011.11.26"]
[Round "2"]
[White "Motola, Jacopo"]
[Black "Damia, Angelo"]
[WhiteElo "1903"]
[BlackElo "2300"]
[Result "0-1"]
[PlyCount "96"]
[EventDate "2011.11.25"]

1. Nf3 c5 2. c4 Nc6 3. Nc3 e5 4. g3 d6 5. Bg2 Be6 6. d3 Be7 7. O-O Qd7 8. Re1
Bh3 9. Bh1 h5 10. Ng5 Bxg5 11. Bxg5 f6 12. Be3 Nce7 13. Nd5 Nxd5 14. Bxd5 Ne7
15. Bh1 Nf5 16. Qb3 Nxe3 17. Qxb7 Qxb7 18. Bxb7 Rb8 19. Bc6+ Ke7 20. fxe3 Rxb2
21. Rab1 Rhb8 22. Rxb2 Rxb2 23. a4 a6 24. Bf3 Bg4 25. Bxg4 hxg4 26. e4 Ra2 27.
Rb1 g6 28. Rb7+ Ke6 29. Kf2 Rxa4 30. Rg7 g5 31. Ke3 Ra1 32. Kf2 a5 33. Ra7 a4
34. Kg2 Ra2 35. Kf2 a3 36. Kf1 f5 37. exf5+ Kxf5 38. Rf7+ Ke6 39. Ra7 e4 40.
dxe4 Ke5 41. Ke1 Kxe4 42. Kd1 Kd4 43. Ra4 Kc3 44. e4 Ra1+ 45. Ke2 a2 46. Ra3+
Kb4 47. Ra6 Rh1 48. Rxa2 Rxh2+ 0-1

[Event "V Weekend A Dicembrino"]
[Site "Vimercate ITA"]
[Date "2011.11.26"]
[Round "2"]
[White "Pace, Pietro Dario"]
[Black "Riboldi, Raffaele"]
[WhiteElo "2280"]
[BlackElo "1887"]
[Result "1-0"]
[PlyCount "33"]
[EventDate "2011.11.25"]

1. e4 e6 2. d4 d5 3. Nc3 Bb4 4. e5 c5 5. a3 Bxc3+ 6. bxc3 Ne7 7. h4 Qc7 8. Nf3
Nbc6 9. h5 Bd7 10. h6 gxh6 11. Rxh6 cxd4 12. cxd4 Nf5 13. Rh3 Ncxd4 14. Nxd4
Qxe5+ 15. Be3 Ba4 16. Nxf5 Bxc2 17. Qd4 1-0

[Event "V Weekend A Dicembrino"]
[Site "Vimercate ITA"]
[Date "2011.11.26"]
[Round "2"]
[White "Ranfagni, Stefano"]
[Black "Altieri, Alberto"]
[WhiteElo "1998"]
[BlackElo "1573"]
[Result "1-0"]
[PlyCount "45"]
[EventDate "2011.11.25"]

1. e4 c6 2. c4 Nf6 3. Nc3 d5 4. e5 d4 5. exf6 dxc3 6. fxg7 cxd2+ 7. Bxd2 Bxg7
8. Qc2 Qb6 9. Bc3 Bxc3+ 10. Qxc3 Rg8 11. Bd3 Nd7 12. g3 Nf6 13. c5 Qc7 14.
O-O-O Be6 15. Ne2 Bd5 16. Rhe1 O-O-O 17. Nf4 Bf3 18. Bf5+ e6 19. Nxe6 Rxd1+ 20.
Rxd1 Qe7 21. Nd4+ Kb8 22. Nxf3 Ne4 23. Qe5+ 1-0

[Event "V Weekend A Dicembrino"]
[Site "Vimercate ITA"]
[Date "2011.11.26"]
[Round "2"]
[White "Ruggeri, Igor"]
[Black "Corso, Gabriele"]
[WhiteElo "1534"]
[BlackElo "1694"]
[Result "0-1"]
[PlyCount "76"]
[EventDate "2011.11.25"]

1. d4 d5 2. c4 c6 3. Nf3 Nf6 4. e3 Bf5 5. Nc3 e6 6. cxd5 Nxd5 7. Bd2 Nd7 8.
Nxd5 exd5 9. Bc3 Nf6 10. Bd3 Bg4 11. O-O Bd6 12. a3 Qd7 13. b4 Ne4 14. Rc1 Qe6
15. Be2 Qh6 16. Ne5 Bxe2 17. Qxe2 f6 18. Ng4 Qh5 19. Qd1 f5 20. Ne5 Qxd1 21.
Rfxd1 O-O 22. Nd7 Rf7 23. Nc5 Re8 24. Nxe4 fxe4 25. Rc2 Re6 26. Bb2 Rh6 27. h3
Rf5 28. g4 Rf3 29. b5 Rfxh3 30. Kf1 Rh1+ 31. Ke2 Rxd1 32. Kxd1 cxb5 33. Rc8+
Kf7 34. Bc3 Be7 35. Rc7 Rc6 36. Rxc6 bxc6 37. Ke2 Bxa3 38. f3 b4 0-1